LDR 00648naa#a2200181#i#450# 001 EN\RIOR\bibl\122338 005 20260629131323.1 011 ## _a2409-6024 100 ## _a20260530b2026####ek#y0engy0150####ca 102 ## _aRU 200 1# _aREPRODUCTION OF LABOR RESOURCES FOR THE AGRO-INDUSTRIAL COMPLEX OF RUSSIA: INSTITUTIONAL MECHANISMS OF CONTINUOUS EDUCATION AND REGIONAL DIFFERENTIATION _eJournal article 210 1# _aMoscow _cPublishing Center RIOR _d2026 215 ## _a11 с. 608 ## _aJournal article _2local 700 #1 _aAfanas'eva _gElena Petrovna 700 #1 _aMalina _gAliya Bahtagalievna 700 #1 _aNovoselova _gOl'ga Vladimirovna 856 4# _ariorpub.com _u